| 000 | 00566nam a2200181 a 4500 | ||
|---|---|---|---|
| 001 | 3490 | ||
| 003 | CDMR | ||
| 005 | 20130715112539.0 | ||
| 008 | 130130i19901998sp |||||||||||||||||cat|d | ||
| 040 |
_aCDMR _bcat _cCDMR |
||
| 100 | 1 |
_aAlba, Víctor _919 |
|
| 245 | 1 | 0 |
_aSísif i el seu temps _cVictor Alba |
| 260 |
_aBarcelona _c1990-1998 _bLaertes |
||
| 300 |
_a4 v ; _c20 cm |
||
| 505 | _aConté: 1.- Costa avall Victor Alba ; 2.- Costa amunt ; 3.- L'edat de l'emprenyament ; 4.- Diccionari de la mala llet | ||
| 600 | 1 | 4 |
_aAlba, VÍctor _vBiografia _919 |
| 942 |
_cMON _2udc |
||
| 999 |
_c3490 _d3490 |
||